000 00961nam a22002537a 4500
999 _c65826
_d65826
005 20240530110845.0
008 201006s2020 ua a g b 000 0 ara d
017 _a2019/14006
_bمصر. دار الكتب
020 _a9789777537483
040 _aEG-CaGPL
_cEG-CaGPL
082 0 4 _221
_a378.107/
_bأ ق
100 0 _aالسعيد مبروك ابراهيم
245 1 2 _aالقيادة التحويلية ومشاركة المعرفة /
_cالسعيد مبروك ابراهيم
250 _aط.1
260 _aالقاهرة :
_bمكتبة الوفاء القانونية ،
_c2020.
300 _a120ص. :
_bايض ؛
_c24 سم.
504 _aيشتمل على ارجاعات ببليوجرافية
650 0 7 _2qrmak
_aالادارة المدرسية
650 0 7 _2qrmak
_aالتخطيط التربوى
650 0 7 _2qrmak
_aالسياسة التعليمية
651 _2qrmak
942 _2ddc
_cBK